1173 1347 1532 1321 1942 1877 1764 1637 1690 1086 1628 1464 1865 1716 1863 1114 1152 1583 1472 1922 1927 1723 1353 1875 1396 1904 1782 1924 1415 1841 1323 1312 1416 1159 1799 1300 1880 1417 1381 1276 1252 1802 1547 1681 1366 1238 1477 1164 1446 1780 1406 1971 1103 1519 1679 1263 1975 1965 1791 1483 1167 1846 1272 1537 1335 1963 1397 1025 1320 1986 1340 1930 1313 1837 1541 1260 1041 1353 1116 1030 1206 1191 1927 1104 1762 1245 1338 1417 1070 1756 1573 1320 1122 1927 1562 1690 1951 1372 1099 BCNSPRNW ULIB Ver.6.0+V

เปลี่ยนเป็นภาษาไทย

Change to English
 แสดงรายละเอียดบรรณานุกรม
  กลับหน้าหลัก

Brief Record : Get Marc (ISO 2709) : E-mail record : QR code < ปิดหน้าต่าง
LEADER : 00000nam 2200000uu 4500
001    13399114611
003     ULIB
008    120424s2553||||th 000 0 tha d
020    ^a9786167349039
090    ^aนว.^bน447ท 2553
100 0  ^aนางฟ้าสีดำ
245 00 ^aNew Love ท้าชน..คนพันธุ์เทพ/^cนางฟ้าสีดำ
250    ^aพิมพ์ครั้งที่ 1
260    ^aกรุงเทพฯ :^bปรีชาธร อินเตอร์พริ้น จำกัด,^c2553
300    ^a208 หน้า
710 1  ^aอินเตอร์พริ้น จำกัด
945    ^p155^l0^i17089
995    ^aกัณชพร
999    ^aใช้งานได้ทุกระบบ
รายการนี้ยังไม่มีแท็ก
คุณยังไม่ได้ล็อกอิน คุณสามารถมีกิจกรรมร่วมกับเว็บไซต์ได้ แต่ต้องล็อกอินก่อน ::
  ล็อกอิน

รายการสื่อสารสนเทศ

ลำดับที่ ประเภท เลขเรียก/บาร์โค้ด สถานที่ สถานะ
1. นวนิยาย
นวนิยาย
นว. น447ท 2553  
  Barcode: 17089
ห้องสมุดวิทยาเขตสวรรค์ประชารักษ์
►นวนิยาย
บนชั้น
  ขอยืม

BibComment


ยังไม่เคยถูกคอมเมนท์

คอมเมนท์ทรัพยากรรายการนี้
  คอมเมนท์: New Love ท้าชนคน..


 Copyright 2026. Bcnsprnw @Library